01347nam a22002057a 450000500170000000800410001704000070005804100120006508200210007710000380009824500580013626000290019430000260022352006650024965000220091470000400093694200120097699900190098895201340100720230714141226.0230714b ||||| |||| 00| 0 eng d cAL aEnglish 223a297.63bMUBW aSafiur Rahman Mubarakpuri9126975 aWhen the moon split : a biography of Prophet Muhammad aLahorebDarussalamc1998 a320 p.bPBc21x14 cm. aThe biography of the Prophet is a very noble and exalted subject by which Muslims learn about the rise of Islam, and how Prophet Muhammad (PBUH) was chosen by Allah to receive the divine revelation. You also learn about the hardships the Prophet (pbuh) and his companions faced, and how they eventually succeeded with Allah's help. This book adds to where Ar-Raheeq Al-Makhtum left off. Its clear, yet precise narration of the life of the Prophet makes it a great compliment to Ar-Raheeq Al-Makhtum. Over 6 months of editing, a masterpiece on the life of the Prophet, this book explains the life of the Prophet in the light of Authentic Ahadith and the Qur'an. aBiography9126966 aMUBARAKPURI (Safiur Rahman)9126967 2ddccDB c227874d227874 00102ddc40708GENaALbALd2023-06-30l0o297.63 MUBWpD06070r2023-07-14 00:00:00w2023-07-14yDBzDonated by V. T. Rajshekar